[Event "Faxe Dags op"]
[Site "Faxe"]
[Date "2017.05.03"]
[Round "5"]
[White "Hansen, Borge"]
[Black "Mathiasen, Gunnar"]
[Result "1/2-1/2"]
[WhiteElo "1644"]
[BlackElo "1613"]
[PlyCount "64"]
[EventDate "2017.04.05"]
[EventType "swiss"]
[EventRounds "7"]
[EventCountry "DEN"]
[SourceTitle "EXT 2021"]
[Source "ChessBase"]
[SourceDate "2020.10.23"]
[SourceVersion "1"]
[SourceVersionDate "2020.10.23"]
[SourceQuality "1"]

1. d4 d5 2. c4 Nf6 3. e3 e6 4. a3 c5 5. Nf3 Nc6 6. dxc5 Bxc5 7. b4 Be7 8. Be2 0-0 9. 0-0 Ne4 10. Bb2 Bf6 11. Bxf6 Qxf6 12. Nbd2 Nc3 13. Qe1 Rd8 14. Rc1 Nxe2+ 15. Qxe2 Ne7 16. c5 Bd7 17. Qd1 a6 18. Qc2 Bc6 19. Nd4 Rac8 20. Qa2 Ng6 21. N2f3 e5 22. Nxc6 Rxc6 23. Rcd1 Ne7 24. Rd2 h6 25. Rfd1 Qe6 26. Qb2 f6 27. Qa2 Qf7 28. h3 Rc7 29. Qb2 Nc6 30. Qa2 Rcd7 31. Qb2 Qe6 32. Qa2 Kf7 1/2-1/2

[Event "Faxe Dags op"]
[Site "Faxe"]
[Date "2016.03.30"]
[Round "1"]
[White "Jacobsen, Knud"]
[Black "Mathiasen, Gunnar"]
[Result "1-0"]
[WhiteElo "1038"]
[BlackElo "1635"]
[PlyCount "67"]
[EventDate "2016.03.30"]
[EventType "swiss"]
[EventRounds "7"]
[EventCountry "DEN"]
[SourceTitle "EXT 2021"]
[Source "ChessBase"]
[SourceDate "2020.10.23"]
[SourceVersion "1"]
[SourceVersionDate "2020.10.23"]
[SourceQuality "1"]

1. e4 e5 2. f4 exf4 3. Nf3 Nc6 4. Bc4 d6 5. 0-0 Ne5 6. Nc3 Nxc4 7. Re1 Ne5 8. d4 Ng6 9. e5 dxe5 10. Nxe5 Nxe5 11. Rxe5+ Be7 12. Bxf4 c6 13. Qd3 Be6 14. Qe4 Nf6 15. Qd3 Nd5 16. Nxd5 Bxd5 17. Rae1 Be6 18. Qe3 Qd7 19. c4 0-0-0 20. d5 cxd5 21. Qxa7 Bd6 22. cxd5 Qb5 23. Rc1+ Kd7 24. dxe6+ fxe6 25. Rxb5 Bxf4 26. Rxb7+ Ke8 27. Rf7 Bg5 28. Rcc7 Rd1+ 29. Kf2 Rf8 30. Rxf8+ Kxf8 31. Rf7+ Ke8 32. Rxg7 Rd2+ 33. Kf3 Rd3+ 34. Kg4 1-0

[Event "Faxe Eftermiddag-B"]
[Site "Faxe"]
[Date "2015.10.21"]
[Round "5"]
[White "Mathiasen, Gunnar"]
[Black "Alic, Ohran"]
[Result "0-1"]
[WhiteElo "1590"]
[BlackElo "1571"]
[PlyCount "148"]
[EventDate "2015.09.16"]
[EventType "tourn"]
[EventRounds "5"]
[EventCountry "DEN"]
[SourceTitle "EXT 2023"]
[Source "ChessBase"]
[SourceDate "2022.10.05"]
[SourceVersion "1"]
[SourceVersionDate "2022.10.05"]
[SourceQuality "1"]

1. e4 e6 2. d4 d5 3. exd5 exd5 4. Nf3 Bd6 5. Bd3 Nf6 6. 0-0 h6 7. Re1+ Be6 8. Bf5 Kd7 9. Bxe6+ fxe6 10. Ne5+ Bxe5 11. Rxe5 Nc6 12. Re1 Qe7 13. c3 Rhf8 14. Nd2 Qf7 15. Re3 Qh5 16. Qe1 Ng4 17. Rh3 Qf7 18. Rf3 Qe7 19. h3 Nf6 20. b3 g5 21. a4 a5 22. Ba3 Qg7 23. Bxf8 Rxf8 24. Qe2 g4 25. hxg4 Qxg4 26. Re1 Nd8 27. Rg3 Qxe2 28. Rxe2 Nh5 29. Rf3 Rg8 30. Re5 Ng7 31. Rg3 Nf7 32. Re1 Ng5 33. f4 Nf5 34. Rd3 Nf7 35. Kh2 h5 36. Kh3 N7h6 37. Re2 Ng4 38. Nf3 Nf6 39. Ng5 Re8 40. Rd1 Ng4 41. Rde1 Ng7 42. c4 c6 43. Nf3 Nf6 44. Ne5+ Ke7 45. g4 hxg4+ 46. Nxg4 Rh8+ 47. Kg3 Nf5+ 48. Kg2 Nxg4 49. Rxe6+ Kd7 50. Kf3 Nxd4+ 51. Kxg4 Nxe6 52. cxd5 cxd5 53. f5 Rg8+ 54. Kh4 Nd4 55. f6 Nxb3 56. Re7+ Kc6 57. f7 Rf8 58. Kg5 Nc5 59. Kf6 Kd6 60. Re8 Rxf7+ 61. Kxf7 Nxa4 62. Rd8+ Kc5 63. Ke6 Nc3 64. Ke5 b5 65. Rc8+ Kb4 66. Kd4 Nb1 67. Kxd5 a4 68. Rb8 a3 69. Kc6 Nc3 70. Ra8 Na4 71. Rh8 Nc3 72. Rh4+ Kb3 73. Kc5 a2 74. Rb4+ Kc2 0-1

[Event "Faxe Eftermiddag-B"]
[Site "Faxe"]
[Date "2015.09.16"]
[Round "1"]
[White "Mathiasen, Gunnar"]
[Black "Nielsen, Kurt Sogaard"]
[Result "0-1"]
[WhiteElo "1590"]
[BlackElo "1573"]
[PlyCount "56"]
[EventDate "2015.09.16"]
[EventType "tourn"]
[EventRounds "5"]
[EventCountry "DEN"]
[SourceTitle "EXT 2023"]
[Source "ChessBase"]
[SourceDate "2022.10.05"]
[SourceVersion "1"]
[SourceVersionDate "2022.10.05"]
[SourceQuality "1"]

1. e4 c5 2. Nf3 Nc6 3. Bc4 e6 4. a3 a6 5. 0-0 d6 6. d4 cxd4 7. Nxd4 Nf6 8. Bg5 Be7 9. Re1 0-0 10. c3 Qc7 11. Bd3 Ne5 12. Bc2 b5 13. f4 Nc4 14. b3 Nb6 15. Qd3 e5 16. fxe5 dxe5 17. Nf3 Rd8 18. Qe2 Bg4 19. h3 Be6 20. Be3 h6 21. Kh1 Nh5 22. Qf2 Nd7 23. Bd1 Nhf6 24. Bd2 Nc5 25. Bc2 Bxb3 26. Bc1 Bc4 27. Nbd2 Bd3 28. Nf1 Ncxe4 0-1

[Event "Faxe Dags op"]
[Site "Faxe"]
[Date "2015.05.27"]
[Round "7"]
[White "Mathiasen, Gunnar"]
[Black "Larsen, Poul M"]
[Result "1-0"]
[WhiteElo "1547"]
[BlackElo "1575"]
[PlyCount "105"]
[EventDate "2015.04.07"]
[EventType "swiss"]
[EventRounds "7"]
[EventCountry "DEN"]
[SourceTitle "EXT 2021"]
[Source "ChessBase"]
[SourceDate "2020.10.23"]
[SourceVersion "1"]
[SourceVersionDate "2020.10.23"]
[SourceQuality "1"]

1. e4 c6 2. Nf3 d5 3. exd5 Qxd5 4. Nc3 Qd8 5. Bc4 g6 6. Ne5 e6 7. Qf3 Qf6 8. Qe2 Nh6 9. 0-0 Bg7 10. Nf3 0-0 11. Ne4 Qd8 12. c3 Nf5 13. d4 h6 14. h3 Ne7 15. Nc5 Nd5 16. Ne5 Kh7 17. Bd3 Qe8 18. Ne4 Nd7 19. Nxd7 Bxd7 20. Ng3 e5 21. dxe5 Bxe5 22. Qf3 f5 23. c4 Ne7 24. Re1 Bxg3 25. Qxg3 Qf7 26. Qe3 Rae8 27. Qxh6+ Kg8 28. Bg5 Qh7 29. Qxh7+ Kxh7 30. Rxe7+ Rxe7 31. Bxe7 Re8 32. Bg5 b6 33. Rd1 c5 34. Kf1 Bc6 35. Be2 Bxg2+ 36. Kxg2 Rxe2 37. Rd2 Re4 38. b3 Kg8 39. Kf3 Rd4 40. Rxd4 cxd4 41. Bf6 d3 42. Ke3 d2 43. Kxd2 Kf7 44. Be5 a6 45. a4 Ke6 46. Bd4 b5 47. axb5 axb5 48. cxb5 Kd6 49. Kd3 Kc7 50. f4 Kb7 51. h4 Kb8 52. Kc4 Kb7 53. Kd5 1-0

[Event "Faxe Dags op"]
[Site "Faxe"]
[Date "2015.05.13"]
[Round "6"]
[White "Andersen, Hans E"]
[Black "Mathiasen, Gunnar"]
[Result "1/2-1/2"]
[WhiteElo "1700"]
[BlackElo "1547"]
[PlyCount "57"]
[EventDate "2015.04.07"]
[EventType "swiss"]
[EventRounds "7"]
[EventCountry "DEN"]
[SourceTitle "EXT 2021"]
[Source "ChessBase"]
[SourceDate "2020.10.23"]
[SourceVersion "1"]
[SourceVersionDate "2020.10.23"]
[SourceQuality "1"]

1. e4 e5 2. Nf3 d6 3. Bc4 Nc6 4. d3 h6 5. Be3 Nf6 6. h3 Ne7 7. Nc3 c6 8. a4 Ng6 9. Qd2 Be7 10. Bb3 0-0 11. g3 Be6 12. Bxe6 fxe6 13. Bxh6 Nxe4 14. Nxe4 Rxf3 15. Bg5 d5 16. Bxe7 Qxe7 17. Ng5 Rf5 18. h4 Nh8 19. 0-0-0 Nf7 20. Nh3 Nd6 21. Qb4 Qd7 22. Qg4 Nf7 23. Rh2 Nh6 24. Qe2 c5 25. g4 Rf7 26. g5 Nf5 27. Qxe5 Qxa4 28. b3 Qa3+ 29. Qb2 1/2-1/2